| 000 | 00487nam a22001577a 4500 | ||
|---|---|---|---|
| 003 | OSt | ||
| 005 | 20251028024752.0 | ||
| 008 | 251028b |||||||| |||| 00| 0 eng d | ||
| 020 | _a978-621-04-2168-2 | ||
| 040 |
_aDWCL-Main lib _cOC |
||
| 082 | _aFil. 372.878 R744c 2021 | ||
| 245 | _aA Course Module for Teaching Music in Elementary School/ | ||
| 260 |
_aManila: _b Rex Book Store , _cc2021. |
||
| 300 |
_avi, 168 pages : _b illustrations ; _c25cm. |
||
| 942 |
_2ddc _cBK - FIL _kFil. _n0 |
||
| 999 |
_c5202 _d5202 |
||